[Event "London CC-ch A"]
[Site "London CAN"]
[Date "2009.05.21"]
[Round "10"]
[White "Ehrman, Carl"]
[Black "Gibson, Kevin"]
[Result "0-1"]
[WhiteElo "2116"]
[BlackElo "2107"]
[PlyCount "66"]
[GameId "2160767910231397"]
[EventDate "2009.03.19"]
[EventType "tourn"]
[EventRounds "12"]
[EventCountry "CAN"]
[SourceTitle "EXT 2022"]
[Source "ChessBase"]
[SourceDate "2021.10.06"]
[SourceVersion "1"]
[SourceVersionDate "2021.10.06"]
[SourceQuality "1"]

1. e4 c5 2. g3 Nc6 3. Bg2 d6 4. f4 g6 5. Nf3 Bg7 6. O-O Nh6 7. h3 O-O 8. g4 f5 9. exf5 gxf5 10. g5 Nf7 11. Nc3 e5 12. d3 Nh8 13. Be3 Nd4 14. Bxd4 cxd4 15. Ne2 Ng6 16. Qd2 Bd7 17. h4 h5 18. fxe5 dxe5 19. c3 dxc3 20. bxc3 Bc6 21. Rab1 Qd5 22. Qe3 f4 23. Qd2 Rad8 24. Rbd1 Qc5+ 25. d4 Qb6 26. Bh1 e4 27. Ne1 f3 28. Ng3 Rf4 29. Nc2 Rg4 30. Qf2 Qc7 31. Kh2 Rxh4+ 32. Kg1 Rg4 33. Kh2 h4 0-1

[Event "London CC-ch A"]
[Site "London CAN"]
[Date "2009.05.21"]
[Round "10"]
[White "Surlan, Dan"]
[Black "Ruelland, Geoffrey"]
[Result "0-1"]
[WhiteElo "2159"]
[BlackElo "1989"]
[PlyCount "54"]
[GameId "2160767910231398"]
[EventDate "2009.03.19"]
[EventType "tourn"]
[EventRounds "12"]
[EventCountry "CAN"]
[SourceTitle "EXT 2022"]
[Source "ChessBase"]
[SourceDate "2021.10.06"]
[SourceVersion "1"]
[SourceVersionDate "2021.10.06"]
[SourceQuality "1"]

1. e4 c5 2. Nf3 e6 3. c4 Qc7 4. d4 cxd4 5. Nxd4 a6 6. a3 Nf6 7. Nc3 Be7 8. Be2 b6 9. Be3 d6 10. Rc1 Bb7 11. Qc2 Nbd7 12. f4 Rc8 13. O-O O-O 14. b4 Rfd8 15. Qb1 Qb8 16. h3 Qa8 17. Bd3 Bf8 18. Rf2 g6 19. g4 Bg7 20. Kh2 Qb8 21. Kg3 d5 22. cxd5 exd5 23. e5 Re8 24. Kf3 Nxe5+ 25. fxe5 Qxe5 26. Nce2 Qxe3+ 27. Kg2 Rxc1 0-1

[Event "London CC-ch A"]
[Site "London CAN"]
[Date "2009.05.21"]
[Round "10"]
[White "Thomas, Daniel"]
[Black "Coleman, Mike"]
[Result "0-1"]
[WhiteElo "2124"]
[BlackElo "2101"]
[PlyCount "38"]
[GameId "2160767910231399"]
[EventDate "2009.03.19"]
[EventType "tourn"]
[EventRounds "12"]
[EventCountry "CAN"]
[SourceTitle "EXT 2022"]
[Source "ChessBase"]
[SourceDate "2021.10.06"]
[SourceVersion "1"]
[SourceVersionDate "2021.10.06"]
[SourceQuality "1"]

1. d4 d5 2. c4 c6 3. Nc3 Nf6 4. Nf3 e6 5. e3 Nbd7 6. cxd5 exd5 7. Bd3 Bd6 8. Qc2 O-O 9. O-O Re8 10. a3 a5 11. Bd2 Nf8 12. Na4 Bg4 13. Ne1 Ne4 14. Bxe4 dxe4 15. Bc3 Qh4 16. g3 Qh5 17. Ng2 Bf3 18. Nh4 Re6 19. Nc5 Qxh4 0-1

[Event "London CC-ch A"]
[Site "London CAN"]
[Date "2009.05.21"]
[Round "10"]
[White "Van der Velde, Bill"]
[Black "Mandoshkin, Jake"]
[Result "0-1"]
[WhiteElo "1908"]
[BlackElo "1959"]
[PlyCount "40"]
[GameId "2160767910231400"]
[EventDate "2009.03.19"]
[EventType "tourn"]
[EventRounds "12"]
[EventCountry "CAN"]
[SourceTitle "EXT 2022"]
[Source "ChessBase"]
[SourceDate "2021.10.06"]
[SourceVersion "1"]
[SourceVersionDate "2021.10.06"]
[SourceQuality "1"]

1. d4 Nf6 2. c4 e6 3. Nf3 b6 4. g3 Ba6 5. Qc2 c5 6. Bg2 Nc6 7. e3 d5 8. Ne5 Rc8 9. Nxc6 Rxc6 10. Qa4 Qc8 11. cxd5 Nxd5 12. Nc3 cxd4 13. Nxd5 b5 14. Qd1 exd5 15. Bxd5 Rc5 16. Bg2 b4 17. Bd2 dxe3 18. Bxe3 Rc2 19. Rc1 b3 20. axb3 Bb4+ 0-1

[Event "London CC-ch A"]
[Site "London CAN"]
[Date "2009.05.28"]
[Round "11"]
[White "Francis, Robert James"]
[Black "Van der Velde, Bill"]
[Result "1-0"]
[WhiteElo "1909"]
[BlackElo "1908"]
[PlyCount "53"]
[GameId "2160767910231401"]
[EventDate "2009.03.19"]
[EventType "tourn"]
[EventRounds "12"]
[EventCountry "CAN"]
[SourceTitle "EXT 2022"]
[Source "ChessBase"]
[SourceDate "2021.10.06"]
[SourceVersion "1"]
[SourceVersionDate "2021.10.06"]
[SourceQuality "1"]

1. c4 c5 2. Nc3 Nc6 3. Nf3 g6 4. g3 Bg7 5. Bg2 d6 6. O-O Nf6 7. d3 O-O 8. Rb1 Bd7 9. a3 Qc8 10. Re1 e6 11. b4 cxb4 12. axb4 d5 13. b5 Ne7 14. Ba3 Re8 15. Qd2 a6 16. Ne5 axb5 17. Bxe7 Rxe7 18. Nxb5 Bxb5 19. Rxb5 Ne8 20. Qb4 Qc7 21. Ng4 f5 22. Ne3 Bf8 23. cxd5 Nd6 24. Rc5 Qd8 25. dxe6 Rc7 26. Rxc7 Qxc7 27. Rb1 1-0

[Event "London CC-ch A"]
[Site "London CAN"]
[Date "2009.05.28"]
[Round "11"]
[White "Mandoshkin, Jake"]
[Black "Zendrowski, Jay"]
[Result "1-0"]
[WhiteElo "1959"]
[BlackElo "2275"]
[PlyCount "97"]
[GameId "2160767910231402"]
[EventDate "2009.03.19"]
[EventType "tourn"]
[EventRounds "12"]
[EventCountry "CAN"]
[SourceTitle "EXT 2022"]
[Source "ChessBase"]
[SourceDate "2021.10.06"]
[SourceVersion "1"]
[SourceVersionDate "2021.10.06"]
[SourceQuality "1"]

1. d4 Nf6 2. g4 Nxg4 3. f3 Nf6 4. c4 d5 5. cxd5 Nxd5 6. e4 Nb6 7. Nc3 e6 8. Be3 Be7 9. Nge2 c5 10. Rg1 cxd4 11. Bxd4 Bh4+ 12. Ng3 O-O 13. Bb5 a6 14. Ba4 Nxa4 15. Qxa4 b5 16. Qd1 Nc6 17. Bc5 Qxd1+ 18. Rxd1 Rd8 19. Rxd8+ Bxd8 20. f4 Be7 21. Bxe7 Nxe7 22. Nh5 g6 23. Nf6+ Kg7 24. Ne8+ Kf8 25. Nd6 Bd7 26. Kf2 Bc6 27. Rc1 Rd8 28. e5 f5 29. Ne2 Bd5 30. Rc7 g5 31. fxg5 Ng6 32. Nf7 Rb8 33. Nc3 Rb7 34. Nxd5 Rxc7 35. Nxc7 Kxf7 36. Nxa6 Nxe5 37. b4 Kg6 38. h4 Kh5 39. Kg3 Nd3 40. a3 f4+ 41. Kh3 e5 42. Nc7 e4 43. Nxb5 e3 44. Nd4 Ne5 45. Ne2 Nd3 46. Kg2 Kg4 47. b5 f3+ 48. Kf1 fxe2+ 49. Kxe2 1-0

[Event "London CC-ch A"]
[Site "London CAN"]
[Date "2009.05.28"]
[Round "11"]
[White "Riley, Kelly"]
[Black "Thomas, Daniel"]
[Result "1/2-1/2"]
[WhiteElo "2005"]
[BlackElo "2124"]
[PlyCount "55"]
[GameId "2160767910231403"]
[EventDate "2009.03.19"]
[EventType "tourn"]
[EventRounds "12"]
[EventCountry "CAN"]
[SourceTitle "EXT 2022"]
[Source "ChessBase"]
[SourceDate "2021.10.06"]
[SourceVersion "1"]
[SourceVersionDate "2021.10.06"]
[SourceQuality "1"]

1. d4 Nf6 2. c4 c5 3. d5 b5 4. a4 bxc4 5. Nc3 d6 6. e4 g6 7. Bxc4 Bg7 8. Bb5+ Bd7 9. Bc4 O-O 10. h3 Bc8 11. Qe2 Nbd7 12. f4 Nb6 13. Bd3 Nh5 14. Qf2 e6 15. a5 Nd7 16. g4 exd5 17. gxh5 dxe4 18. Bc4 Bb7 19. Be3 Nf6 20. hxg6 hxg6 21. Rd1 Qxa5 22. Rxd6 Ne8 23. Rxg6 Qa1+ 24. Nd1 Rd8 25. Qc2 Nd6 26. Rxg7+ Kxg7 27. Qg2+ Kh7 28. Qg5 1/2-1/2

[Event "London CC-ch A"]
[Site "London CAN"]
[Date "2009.05.28"]
[Round "11"]
[White "Ruelland, Geoffrey"]
[Black "Demmery, Steve"]
[Result "0-1"]
[WhiteElo "1989"]
[BlackElo "2125"]
[PlyCount "68"]
[GameId "2160767910231404"]
[EventDate "2009.03.19"]
[EventType "tourn"]
[EventRounds "12"]
[EventCountry "CAN"]
[SourceTitle "EXT 2022"]
[Source "ChessBase"]
[SourceDate "2021.10.06"]
[SourceVersion "1"]
[SourceVersionDate "2021.10.06"]
[SourceQuality "1"]

1. e4 e5 2. Nf3 Nc6 3. Bb5 Nd4 4. Nxd4 exd4 5. O-O Bc5 6. d3 Ne7 7. Qh5 Bb6 8. f4 c6 9. Bc4 O-O 10. Nd2 d5 11. Bb3 f5 12. e5 Be6 13. Nf3 h6 14. Kh1 a5 15. c3 a4 16. Bc2 dxc3 17. bxc3 d4 18. c4 Bc5 19. Rb1 Qd7 20. Bd2 b5 21. Bb4 Qa7 22. Nd2 Bxb4 23. Rxb4 Qa5 24. Rfb1 c5 25. Qh4 Ng6 26. Qg3 cxb4 27. Qxg6 Bf7 28. Qd6 b3 29. Nxb3 axb3 30. Bxb3 Rfd8 31. Qc6 Rac8 32. Qf3 bxc4 33. dxc4 Be6 34. Qd3 Qc3 0-1

[Event "London CC-ch A"]
[Site "London CAN"]
[Date "2009.06.02"]
[Round "11"]
[White "Coleman, Mike"]
[Black "Ehrman, Carl"]
[Result "1-0"]
[WhiteElo "2101"]
[BlackElo "2116"]
[PlyCount "61"]
[GameId "2160767910231405"]
[EventDate "2009.03.19"]
[EventType "tourn"]
[EventRounds "12"]
[EventCountry "CAN"]
[SourceTitle "EXT 2022"]
[Source "ChessBase"]
[SourceDate "2021.10.06"]
[SourceVersion "1"]
[SourceVersionDate "2021.10.06"]
[SourceQuality "1"]

1. e4 d6 2. d4 Nf6 3. Nc3 c6 4. f4 Qa5 5. Bd3 e5 6. Nf3 Bg4 7. Be3 Nbd7 8. O-O O-O-O 9. h3 Bxf3 10. Qxf3 Be7 11. a3 exf4 12. Qxf4 Rdg8 13. b4 Qc7 14. b5 c5 15. Nd5 Nxd5 16. exd5 Bf6 17. Bf5 Re8 18. dxc5 dxc5 19. Qxc7+ Kxc7 20. Bf4+ Kd8 21. Rad1 Bd4+ 22. Kh1 Nf6 23. d6 Nd5 24. d7 Re2 25. Bd6 Ne3 26. Bd3 Nxd1 27. Bxe2 Nf2+ 28. Kh2 Ne4 29. Bb8 Kxd7 30. Rxf7+ Ke6 31. Bc4# 1-0

[Event "London CC-ch A"]
[Site "London CAN"]
[Date "2009.06.04"]
[Round "12"]
[White "Gibson, Kevin"]
[Black "Coleman, Mike"]
[Result "1-0"]
[WhiteElo "2107"]
[BlackElo "2101"]
[PlyCount "65"]
[GameId "2160767910231406"]
[EventDate "2009.03.19"]
[EventType "tourn"]
[EventRounds "12"]
[EventCountry "CAN"]
[SourceTitle "EXT 2022"]
[Source "ChessBase"]
[SourceDate "2021.10.06"]
[SourceVersion "1"]
[SourceVersionDate "2021.10.06"]
[SourceQuality "1"]

1. d4 Nf6 2. Bg5 c5 3. Bxf6 gxf6 4. d5 Qb6 5. Qc1 Bh6 6. e3 f5 7. c3 f4 8. Na3 fxe3 9. fxe3 Rg8 10. Nf3 Qg6 11. Nc2 d6 12. Qd2 Nd7 13. Rg1 Nf6 14. Bd3 Qh5 15. O-O-O Bf5 16. Kb1 Be4 17. Bxe4 Nxe4 18. Qd3 f5 19. Qb5+ Kf7 20. Nd2 Qg4 21. Qd7 Nxd2+ 22. Rxd2 Qe4 23. Rf2 f4 24. exf4 Qxd5 25. Re2 Rae8 26. Rge1 Bf8 27. Re5 Qc4 28. Rf5+ Kg7 29. Qxe8 Qd3 30. Rf7+ Kg6 31. Re6+ Kh5 32. Rf5+ Kg4 33. Qh5# 1-0

[Event "London CC-ch A"]
[Site "London CAN"]
[Date "2009.06.04"]
[Round "12"]
[White "Surlan, Dan"]
[Black "Mandoshkin, Jake"]
[Result "0-1"]
[WhiteElo "2159"]
[BlackElo "1959"]
[PlyCount "44"]
[GameId "2160767910231407"]
[EventDate "2009.03.19"]
[EventType "tourn"]
[EventRounds "12"]
[EventCountry "CAN"]
[SourceTitle "EXT 2022"]
[Source "ChessBase"]
[SourceDate "2021.10.06"]
[SourceVersion "1"]
[SourceVersionDate "2021.10.06"]
[SourceQuality "1"]

1. e4 c5 2. Nf3 Nc6 3. Bb5 Nf6 4. Qe2 d6 5. e5 Nd5 6. O-O e6 7. d4 cxd4 8. Nxd4 Qb6 9. Rd1 Bd7 10. Bxc6 bxc6 11. c4 dxe5 12. Qxe5 Qc7 13. Bf4 Qxe5 14. Bxe5 Nf6 15. Nc3 Be7 16. Nc2 h5 17. Rd2 O-O-O 18. Rad1 Ne8 19. b4 f6 20. Bd4 Kb8 21. a4 Rg8 22. Bxf6 Nxf6 0-1

[Event "London CC-ch A"]
[Site "London CAN"]
[Date "2009.06.04"]
[Round "12"]
[White "Thomas, Daniel"]
[Black "Ruelland, Geoffrey"]
[Result "1/2-1/2"]
[WhiteElo "2124"]
[BlackElo "1989"]
[PlyCount "44"]
[GameId "2160767910231408"]
[EventDate "2009.03.19"]
[EventType "tourn"]
[EventRounds "12"]
[EventCountry "CAN"]
[SourceTitle "EXT 2022"]
[Source "ChessBase"]
[SourceDate "2021.10.06"]
[SourceVersion "1"]
[SourceVersionDate "2021.10.06"]
[SourceQuality "1"]

1. d4 d5 2. c4 c6 3. Nf3 Nf6 4. Nc3 dxc4 5. a4 Bf5 6. e3 e6 7. Bxc4 Bb4 8. O-O Qa5 9. Qb3 Nbd7 10. e4 Nxe4 11. Nxe4 Bxe4 12. Bxe6 Bd5 13. Bxd5 cxd5 14. Bf4 O-O 15. Bc7 Qxc7 16. Qxb4 Rac8 17. Rfe1 Rfe8 18. h3 Qb6 19. Qd2 Nf6 20. Re5 Ne4 21. Rxe8+ Rxe8 22. Qc2 a5 1/2-1/2

[Event "London CC-ch A"]
[Site "London CAN"]
[Date "2009.06.04"]
[Round "12"]
[White "Zendrowski, Jay"]
[Black "Francis, Robert James"]
[Result "0-1"]
[WhiteElo "2275"]
[BlackElo "1909"]
[PlyCount "82"]
[GameId "2160767910231409"]
[EventDate "2009.03.19"]
[EventType "tourn"]
[EventRounds "12"]
[EventCountry "CAN"]
[SourceTitle "EXT 2022"]
[Source "ChessBase"]
[SourceDate "2021.10.06"]
[SourceVersion "1"]
[SourceVersionDate "2021.10.06"]
[SourceQuality "1"]

1. Nf3 d5 2. d4 Nf6 3. c4 e6 4. Nc3 c6 5. e3 Nbd7 6. Qc2 Be7 7. g4 h6 8. Bd2 dxc4 9. Bxc4 Nb6 10. Bb3 Bd7 11. e4 a6 12. Rg1 c5 13. dxc5 Bxc5 14. O-O-O Qc7 15. g5 hxg5 16. Rxg5 Bf8 17. Ne5 Rh5 18. Nxf7 Kxf7 19. e5 Rxg5 20. Bxg5 Qxe5 21. f4 Qe3+ 22. Kb1 Rc8 23. h4 Nbd5 24. Bxf6 Nxf6 25. f5 Ke7 26. fxe6 Bxe6 27. Bxe6 Qxe6 28. Qf2 Kf7 29. Re1 Qc6 30. Ne4 Kg8 31. Ng5 Qd5 32. Qg3 Bd6 33. Qh3 Qc4 34. a3 Bf4 35. Qf5 Rd8 36. Ne6 Re8 37. h5 Bh6 38. Re5 Qg4 39. Qc2 Qg3 40. Re2 Kh8 41. Qc7 Qxc7 0-1

[Event "London CC-ch A"]
[Site "London CAN"]
[Date "2009.06.16"]
[Round "12"]
[White "Ehrman, Carl"]
[Black "Riley, Kelly"]
[Result "1-0"]
[WhiteElo "2116"]
[BlackElo "2005"]
[PlyCount "57"]
[GameId "2160767910231410"]
[EventDate "2009.03.19"]
[EventType "tourn"]
[EventRounds "12"]
[EventCountry "CAN"]
[SourceTitle "EXT 2022"]
[Source "ChessBase"]
[SourceDate "2021.10.06"]
[SourceVersion "1"]
[SourceVersionDate "2021.10.06"]
[SourceQuality "1"]

1. c4 Nf6 2. Nc3 g6 3. e4 d6 4. g3 c5 5. Bg2 Nc6 6. Nge2 Bg7 7. O-O Bg4 8. h3 Bd7 9. d3 O-O 10. Be3 e5 11. Qd2 Nd4 12. f4 Qc8 13. Kh2 a6 14. fxe5 dxe5 15. Bg5 Nh5 16. Nd5 Qb8 17. Nb6 Qd6 18. Nxa8 Rxa8 19. Nc3 f6 20. Be3 Ne6 21. Nd5 Rf8 22. g4 Nhf4 23. Nxf4 exf4 24. Bxf4 Qd4 25. Qf2 Nxf4 26. Qxd4 cxd4 27. Rxf4 f5 28. Rff1 f4 29. e5 1-0

[Event "London CC-ch A"]
[Site "London CAN"]
[Date "2009.06.11"]
[Round "13"]
[White "Mandoshkin, Jake"]
[Black "Demmery, Steve"]
[Result "1-0"]
[WhiteElo "1959"]
[BlackElo "2125"]
[PlyCount "88"]
[GameId "2160767910231411"]
[EventDate "2009.03.19"]
[EventType "tourn"]
[EventRounds "12"]
[EventCountry "CAN"]
[SourceTitle "EXT 2022"]
[Source "ChessBase"]
[SourceDate "2021.10.06"]
[SourceVersion "1"]
[SourceVersionDate "2021.10.06"]
[SourceQuality "1"]

1. e4 e5 2. Nf3 Nc6 3. Bc4 Bc5 4. c3 Nf6 5. d4 exd4 6. e5 Ne4 7. cxd4 Bb4+ 8. Bd2 Nxd2 9. Nbxd2 O-O 10. O-O d6 11. exd6 Bxd6 12. Re1 Bg4 13. Re4 Bf5 14. Re2 Qf6 15. Ne4 Bxe4 16. Rxe4 Rfe8 17. Qe2 Kf8 18. Re1 Rxe4 19. Qxe4 Qg6 20. Qe3 h6 21. Ne5 Bxe5 22. dxe5 Re8 23. e6 fxe6 24. Bxe6 Nd8 25. Qc5+ Re7 26. Bb3 Qg5 27. Qc3 Rxe1+ 28. Qxe1 Qe7 29. Qd2 Nf7 30. h3 c6 31. Qa5 a6 32. a4 Qe5 33. Qd2 Nd6 34. a5 Ke7 35. f4 Qe4 36. Bc2 Qc4 37. b3 Qc5+ 38. Kh1 Kd8 39. b4 Qd5 40. Qxd5 cxd5 41. Kg1 Kd7 42. Kf2 Ke6 43. Ke3 Nb5 44. g4 Kd6 1-0

[Event "London CC-ch A"]
[Site "London CAN"]
[Date "2009.06.11"]
[Round "13"]
[White "Riley, Kelly"]
[Black "Gibson, Kevin"]
[Result "0-1"]
[WhiteElo "2005"]
[BlackElo "2107"]
[PlyCount "59"]
[GameId "2160767910231412"]
[EventDate "2009.03.19"]
[EventType "tourn"]
[EventRounds "12"]
[EventCountry "CAN"]
[SourceTitle "EXT 2022"]
[Source "ChessBase"]
[SourceDate "2021.10.06"]
[SourceVersion "1"]
[SourceVersionDate "2021.10.06"]
[SourceQuality "1"]

1. d4 Nf6 2. c4 g6 3. Nc3 Bg7 4. e4 d6 5. f3 O-O 6. Be3 c6 7. Qd2 Re8 8. Bd3 Nbd7 9. Nge2 e5 10. d5 Qe7 11. Bg5 a5 12. h4 Qf8 13. g4 h5 14. Ng3 hxg4 15. h5 Nc5 16. Bc2 gxf3 17. O-O-O Bg4 18. h6 Bh8 19. h7+ Nxh7 20. Rxh7 Kxh7 21. Rh1+ Kg8 22. Rxh8+ Kxh8 23. Qh2+ Kg8 24. Nf5 gxf5 25. Bf6 Qg7 26. Bxg7 Kxg7 27. exf5 Rg8 28. f6+ Kf8 29. Qh6+ Ke8 30. Qh7 0-1

[Event "London CC-ch A"]
[Site "London CAN"]
[Date "2009.06.11"]
[Round "13"]
[White "Ruelland, Geoffrey"]
[Black "Ehrman, Carl"]
[Result "0-1"]
[WhiteElo "1989"]
[BlackElo "2116"]
[PlyCount "82"]
[GameId "2160767910231413"]
[EventDate "2009.03.19"]
[EventType "tourn"]
[EventRounds "12"]
[EventCountry "CAN"]
[SourceTitle "EXT 2022"]
[Source "ChessBase"]
[SourceDate "2021.10.06"]
[SourceVersion "1"]
[SourceVersionDate "2021.10.06"]
[SourceQuality "1"]

1. e4 d5 2. exd5 Qxd5 3. Nc3 Qa5 4. Nf3 Nf6 5. d4 Bg4 6. Be2 Nc6 7. h3 Bxf3 8. Bxf3 Rd8 9. Bxc6+ bxc6 10. O-O e6 11. Qf3 Qb6 12. Re1 Be7 13. Bf4 O-O 14. Be5 Qxb2 15. d5 Qxc2 16. dxe6 fxe6 17. Qxc6 Bd6 18. Re2 Qf5 19. Rae1 Kh8 20. Nb5 Bb4 21. Rf1 Rd5 22. Nd4 Rxd4 23. Bxd4 Qd3 24. Bxf6 Qxe2 25. Bd4 e5 26. Be3 Bd6 27. a4 a6 28. Qe4 a5 29. Qc6 Qb2 30. Rc1 Qb8 31. Rc4 Qb1+ 32. Rc1 Qb4 33. Bc5 Qd2 34. Be3 Qb2 35. Rc4 Qe2 36. Re4 h6 37. Kh2 Qd3 38. g3 Qe2 39. Kg2 Qf3+ 40. Kh2 Rb8 41. h4 Rb1 0-1

[Event "London CC-ch A"]
[Site "London CAN"]
[Date "2009.06.11"]
[Round "13"]
[White "Surlan, Dan"]
[Black "Francis, Robert James"]
[Result "0-1"]
[WhiteElo "2159"]
[BlackElo "1909"]
[PlyCount "47"]
[GameId "2160767910231414"]
[EventDate "2009.03.19"]
[EventType "tourn"]
[EventRounds "12"]
[EventCountry "CAN"]
[SourceTitle "EXT 2022"]
[Source "ChessBase"]
[SourceDate "2021.10.06"]
[SourceVersion "1"]
[SourceVersionDate "2021.10.06"]
[SourceQuality "1"]

1. e4 c6 2. d4 d5 3. Nc3 dxe4 4. Nxe4 Bf5 5. Ng3 Bg6 6. Nf3 Nd7 7. h4 h6 8. Bd3 Bxd3 9. Qxd3 Qc7 10. Be3 Ngf6 11. c4 e6 12. O-O O-O-O 13. a3 c5 14. Qc2 Ng4 15. Ne4 f5 16. Nxc5 Nxc5 17. dxc5 Nxe3 18. fxe3 Bxc5 19. Rfe1 f4 20. Nd4 Rhe8 21. b4 Bxd4 22. exd4 Rxd4 23. Re4 Qd8 24. Rae1 0-1

[Event "London CC-ch A"]
[Site "London CAN"]
[Date "2009.06.11"]
[Round "13"]
[White "Van der Velde, Bill"]
[Black "Zendrowski, Jay"]
[Result "0-1"]
[WhiteElo "1908"]
[BlackElo "2275"]
[PlyCount "58"]
[GameId "2160767910231415"]
[EventDate "2009.03.19"]
[EventType "tourn"]
[EventRounds "12"]
[EventCountry "CAN"]
[SourceTitle "EXT 2022"]
[Source "ChessBase"]
[SourceDate "2021.10.06"]
[SourceVersion "1"]
[SourceVersionDate "2021.10.06"]
[SourceQuality "1"]

1. d4 d5 2. e3 Bf5 3. c4 e6 4. Nc3 c6 5. Nf3 Nf6 6. Ne5 Be7 7. g4 Bg6 8. h4 dxc4 9. Bxc4 Be4 10. Nxe4 Nxe4 11. Qf3 Nd6 12. g5 Nd7 13. Nxf7 Nxf7 14. Bxe6 Bb4+ 15. Bd2 Bxd2+ 16. Kxd2 Qe7 17. Qxf7+ Qxf7 18. Bxf7+ Kxf7 19. e4 Rae8 20. Rae1 Rhf8 21. f4 Nb6 22. b3 Re7 23. h5 Rd8 24. Kd3 Red7 25. d5 cxd5 26. e5 Ke6 27. Rhf1 Rf8 28. Re2 Rdf7 29. Ref2 Nd7 0-1

[Event "London CC-ch B"]
[Site "London CAN"]
[Date "2009.03.19"]
[Round "1"]
[White "Bennett MacDonald, Joshua"]
[Black "Glew, Richard"]
[Result "0-1"]
[WhiteElo "1128"]
[BlackElo "1738"]
[PlyCount "44"]
[GameId "2160767910231416"]
[EventDate "2009.03.19"]
[EventType "swiss"]
[EventRounds "13"]
[EventCountry "CAN"]
[SourceTitle "EXT 2022"]
[Source "ChessBase"]
[SourceDate "2021.10.06"]
[SourceVersion "1"]
[SourceVersionDate "2021.10.06"]
[SourceQuality "1"]

1. e4 c5 2. Nf3 Nc6 3. d4 cxd4 4. Nxd4 Nf6 5. Nc3 d6 6. Be3 g6 7. f3 Bg7 8. Qd2 O-O 9. Bc4 a6 10. h4 h5 11. O-O-O Qc7 12. Bb3 b5 13. Bh6 Nxd4 14. Bxg7 Nxb3+ 15. axb3 Kxg7 16. Rdg1 Be6 17. Qg5 Rac8 18. g4 b4 19. gxh5 bxc3 20. hxg6 cxb2+ 21. Kxb2 Qxc2+ 22. Ka3 Qxb3# 0-1

[Event "London CC-ch B"]
[Site "London CAN"]
[Date "2009.03.19"]
[Round "1"]
[White "Dutton, Don"]
[Black "Morgan, Bryan"]
[Result "0-1"]
[WhiteElo "852"]
[BlackElo "1562"]
[PlyCount "72"]
[GameId "2160767910231417"]
[EventDate "2009.03.19"]
[EventType "swiss"]
[EventRounds "13"]
[EventCountry "CAN"]
[SourceTitle "EXT 2022"]
[Source "ChessBase"]
[SourceDate "2021.10.06"]
[SourceVersion "1"]
[SourceVersionDate "2021.10.06"]
[SourceQuality "1"]

1. e4 e5 2. Nf3 Nc6 3. Nc3 Bb4 4. Be2 d6 5. O-O Nf6 6. d3 O-O 7. a3 Ba5 8. Nb1 Be6 9. c3 d5 10. Nbd2 d4 11. b4 Bb6 12. Ng5 dxc3 13. Ndf3 Bg4 14. Qc2 h6 15. Qxc3 hxg5 16. Bxg5 Bxf3 17. Bxf3 Bd4 18. Qd2 Bxa1 19. Rxa1 Nd4 20. Bd1 Qd6 21. h3 Nh7 22. Bh4 Qg6 23. Bg3 f6 24. Qc1 Rac8 25. h4 Rfe8 26. Qc4+ Qf7 27. Qc5 b6 28. Qc3 Nf8 29. Qc1 c5 30. b5 c4 31. Qd2 c3 32. Qe3 c2 33. Bg4 Rc7 34. Kh2 Nb3 35. Qf3 Nxa1 36. Bh5 Ng6 0-1

[Event "London CC-ch B"]
[Site "London CAN"]
[Date "2009.03.19"]
[Round "1"]
[White "Gibson, Brian"]
[Black "Hong, Emilio"]
[Result "0-1"]
[WhiteElo "1012"]
[BlackElo "1486"]
[PlyCount "98"]
[GameId "2160767910231418"]
[EventDate "2009.03.19"]
[EventType "swiss"]
[EventRounds "13"]
[EventCountry "CAN"]
[SourceTitle "EXT 2022"]
[Source "ChessBase"]
[SourceDate "2021.10.06"]
[SourceVersion "1"]
[SourceVersionDate "2021.10.06"]
[SourceQuality "1"]

1. d4 Nf6 2. Nf3 d5 3. e3 Bf5 4. Nc3 e6 5. Bd3 Ne4 6. O-O c5 7. Bxe4 dxe4 8. Nd2 cxd4 9. exd4 Qxd4 10. Nb3 Qxd1 11. Rxd1 a6 12. Bg5 Nc6 13. Nd4 Nxd4 14. Rxd4 Bc5 15. Rd2 O-O 16. Rad1 f6 17. Be3 Bxe3 18. fxe3 Bg4 19. Rc1 Rfd8 20. Nxe4 Rxd2 21. Nxd2 Rd8 22. Nc4 b5 23. h3 bxc4 24. hxg4 Rd2 25. b3 c3 26. b4 Re2 27. a4 Rxe3 28. b5 Re4 29. b6 Rb4 30. a5 Rb5 31. Rd1 Kf7 32. Rd3 Rxa5 33. Rd7+ Kg6 34. b7 Rb5 35. Rc7 a5 36. Rxc3 Rxb7 37. Rc8 a4 38. c4 a3 39. Ra8 Rc7 40. Ra4 a2 41. Rxa2 Rxc4 42. Re2 e5 43. Rf2 Rxg4 44. Re2 h5 45. Kf2 h4 46. Re3 Kf5 47. Rf3+ Rf4 48. Rxf4+ Kxf4 49. g3+ hxg3+ 0-1

[Event "London CC-ch B"]
[Site "London CAN"]
[Date "2009.03.19"]
[Round "1"]
[White "Miettinen, Eric"]
[Black "Zhou, Young"]
[Result "1-0"]
[WhiteElo "1749"]
[BlackElo "1145"]
[PlyCount "105"]
[GameId "2160767910231422"]
[EventDate "2009.03.19"]
[EventType "swiss"]
[EventRounds "13"]
[EventCountry "CAN"]
[SourceTitle "EXT 2022"]
[Source "ChessBase"]
[SourceDate "2021.10.06"]
[SourceVersion "1"]
[SourceVersionDate "2021.10.06"]
[SourceQuality "1"]

1. c4 e5 2. g3 Nf6 3. Bg2 Bc5 4. Nc3 c6 5. e3 d5 6. cxd5 cxd5 7. Nge2 Nc6 8. O-O O-O 9. Na4 Bb6 10. Nxb6 Qxb6 11. d4 Be6 12. dxe5 Nxe5 13. Nd4 Nc4 14. b3 Nd6 15. Nxe6 fxe6 16. Bb2 Rac8 17. Bh3 Nde4 18. Bd4 Qa6 19. Bg2 Nc3 20. Qd2 Ne2+ 21. Kh1 Nxd4 22. Qxd4 b6 23. e4 Rc5 24. exd5 Nxd5 25. Rfe1 Nc7 26. Re4 Rd5 27. Qb2 Rdf5 28. Rg4 R8f6 29. Rd1 Nd5 30. Qd2 Qb5 31. Kg1 Qc5 32. Bxd5 exd5 33. Rd4 Rg6 34. Qd3 Rff6 35. Qe2 Qf8 36. Rf1 Qc5 37. Qe8+ Qf8 38. Qxf8+ Rxf8 39. f4 Rc6 40. g4 Rff6 41. Rxd5 Rc2 42. f5 Rh6 43. Rf2 Rxf2 44. Kxf2 Rxh2+ 45. Kf3 Rxa2 46. Kf4 Kf7 47. Rd7+ Ke8 48. Rxg7 h6 49. Ke5 Rg2 50. Ke6 Re2+ 51. Kf6 Rg2 52. Ke6 h5 53. Rg8# 1-0